MARC

LEADER 00000nam0a2200000 4500
001 370984
005 20260219095854.0
035 |a (RuTPU)RU\TPU\retro\28393 
090 |a 370984 
100 |a 20220822d1883 m y0rusy50 ca 
101 0 |a rus 
102 |a RU 
105 |a a j 000zy 
200 1 |a Лекции аналитической геометрии, читанные в СПб Практическом Технологическом институте  |f М. А. Кросновский (Красновский)  |g Санкт-Петербургский технологический институт Императора Николая I 
210 |a Санкт-Петербург  |c Литография Ф. Кремер  |d 1883 
215 |a 352 с.  |c ил. 
300 |a Литогр. изд. 
316 |5 63413507: 82//521  |a На форзаце и титульном листе владельческая подпись А. Сабек 
317 |5 63413507: 82//521  |a Поступил в НТБ в 1910 г. в составе книжного собрания профессора ТТИ А. Э. Сабека 
606 1 |a Аналитическая геометрия  |2 stltpush  |3 (RuTPU)RU\TPU\subj\28991  |9 52410 
610 1 |a учебные пособия 
610 1 |a литография 
610 1 |a Коллекция А. Э. Сабека 
610 1 |a формулы 
610 1 |a владельческие подписи 
610 1 |a плоскости 
610 1 |a уравнения кривых 
610 1 |a уравнения 
610 1 |a проекции 
610 1 |a 19 век 
675 |a 514.12(075)  |v 3 
700 1 |a Кросновский (Красновский)  |b М. А.  |c математик  |c коллежский советник, профессор высшей математики Петербургского университета  |f 1831-1891  |g Мариан Альбертович  |2 stltpush  |3 (RuTPU)RU\TPU\pers\34302  |9 17815 
712 0 2 |a Санкт-Петербургский технологический институт Императора Николая I  |c 1896-1919  |2 stltpush  |3 (RuTPU)RU\TPU\col\27594  |9 28762 
801 1 |a RU  |b 63413507  |c 20220822 
801 2 |a RU  |b 63413507  |c 20220824  |g RCR 
942 |c BK